000 00403nam a2200157 i 4500
001 bg
100 1 _aBERGMANN, L.
245 1 0 _aLehrbuch der Experimentalphysik.
_nBd. 1,
_pMechanik, Akustik, Wärme /
_cL. Bergmann, C. Schaefer.
260 _aBerlin,
_c1970.
700 1 _aSCHAEFER, C.
040 _cBPK
041 _apol
080 _a53
942 _cKS
008 s pl f |000 0 pol
999 _c21050
_d21050
856 _uhttp://koha.tu.koszalin.pl/cgi-bin/koha/opac-detail.pl?biblionumber=21050
_yKatalog online BPK